=LDR 00000nam 2200000 4500 =001 INLIS000000000011382 =005 20130612102942 =008 ***********************************Ind** =035 ##$$0010-061300000011382 =041 ##$$a Ind =082 ##$$a 959.824 =090 ##$$a 959.824, Suw r =100 ##$$a Suwito, Irna H.N.Hadi =245 ##$$a Rakyat Jawa Timur Mempertahan kan Kemerdekaan, Dra.Irna H.N.Hadi Soewito =260 ##$$a 1994 $b Jakarta =300 ##$$a XXII,279 hlm, 21 cm =650 ##$$a Sejarah -Jawa -Timur =850 ##$$a NBPNMAT